|
|
|
|
| LEADER |
00000nab a2200000 a 4500 |
| 001 |
vtls010451470 |
| 003 |
SK-MaSNL |
| 005 |
20260303093315.0 |
| 008 |
120919 2012 xo q 000 0 slo |
| 038 |
|
|
|a PPPK
|
| 040 |
|
|
|a PPPKCL
|b slo
|c PPPK
|e AACR2
|
| 041 |
0 |
|
|a slo
|
| 044 |
|
|
|a xo
|c SK
|
| 080 |
|
|
|a 796.386
|2 2001
|
| 100 |
1 |
|
|a Martinko, Daniel
|4 aut
|9 618737
|
| 245 |
1 |
0 |
|a Stolnotenisový oddiel
|c (Ing. Daniel Martinko)
|
| 300 |
|
|
|b Fotogr.
|
| 610 |
2 |
7 |
|a Stolnotenisový oddiel (Spišský Štiavnik, Slovensko)
|2 pppkcl
|9 1104327
|
| 650 |
0 |
7 |
|a stolný tenis
|2 pppkcl
|9 25562
|
| 651 |
|
7 |
|a Spišský Štiavnik (Slovensko)
|2 pppkcl
|9 54533
|
| 651 |
|
7 |
|a Poprad (Slovensko : okres)
|2 pppkcl
|9 28675
|
| 773 |
0 |
|
|t Obecný spravodajca : štvrťročník občanov Spišského Štiavnika
|g č. 1 (2012), s. 7
|
| 852 |
|
|
|a PPPK
|b KIS3GCP
|
| 999 |
|
|
|c 1815005
|d 1816935
|